This good Earth : (Record no. 80)
[ view plain ]
| 000 -LEADER | |
|---|---|
| fixed length control field | 01376nam a2200253 i 4500 |
| 005 - DATE AND TIME OF LATEST TRANSACTION | |
| control field | 20260322212005.0 |
| 008 - FIXED-LENGTH DATA ELEMENTS--GENERAL INFORMATION | |
| fixed length control field | data |
| 010 ## - LIBRARY OF CONGRESS CONTROL NUMBER | |
| LC control number | 74019002 |
| 020 ## - INTERNATIONAL STANDARD BOOK NUMBER | |
| International Standard Book Number | 051751687X : |
| Terms of availability | {dollar}22.50 |
| 020 ## - INTERNATIONAL STANDARD BOOK NUMBER | |
| International Standard Book Number | 9780517516874 : |
| Terms of availability | {dollar}22.50 |
| 040 ## - CATALOGING SOURCE | |
| Original cataloging agency | DLC |
| Transcribing agency | DLC |
| Modifying agency | DLC |
| 050 00 - LIBRARY OF CONGRESS CALL NUMBER | |
| Classification number | QH46 |
| Item number | .L54 1974 |
| 082 00 - DEWEY DECIMAL CLASSIFICATION NUMBER | |
| Classification number | 500.9/0222 |
| 092 ## - LOCALLY ASSIGNED DEWEY CALL NUMBER (OCLC) | |
| Classification number | 500.9 L54 1974 |
| 001 - CONTROL NUMBER | |
| control field | data |
| 245 00 - TITLE STATEMENT | |
| Title | This good Earth : |
| Remainder of title | the view from Audubon magazine / |
| Statement of responsibility, etc. | edited by Les Line. |
| 260 ## - PUBLICATION, DISTRIBUTION, ETC. | |
| Place of publication, distribution, etc. | New York : |
| Name of publisher, distributor, etc. | Crown Publishers, |
| Date of publication, distribution, etc. | [1974] |
| 300 ## - PHYSICAL DESCRIPTION | |
| Extent | 256 p. : |
| Other physical details | col. ill. ; |
| Dimensions | 32 cm. |
| 500 ## - GENERAL NOTE | |
| General note | "A George Hornby book." |
| 505 0# - FORMATTED CONTENTS NOTE | |
| Formatted contents note | Moore, R. The record in the rocks.--Leveson, D. Lava is life.--Krutch, J. W. Of wind and coral sand.--McKinley, D. Lichens: mirror to the universe.--Line, L. Tortoiseland of Alcedo.--Matthiessen, P. Kipahulu: cinders to sea.--Leveson, D. Rocks of Lobos.--Line, L. Life in a cold ocean.--Porter, E. Birds of Summer Island.--Graham, Jr., F. The jury is still out.--Borland, H. Poetry in the fields.--Madson, J. The running country.--Foster, S. Chaparral.--Layne, E. N. The view from the mountain.--Morgan, J. K. Bighorn profile.--Beyond the circle.--Russell, F. The winter marsh.--Cavagnaro, D. Ice shall reign.--Peterson, R. T. Postscript: the evolution of a magazine. |
| 650 #0 - SUBJECT ADDED ENTRY--TOPICAL TERM | |
| Topical term or geographic name entry element | Natural history |
| General subdivision | Pictorial works. |
| 700 1# - ADDED ENTRY--PERSONAL NAME | |
| Personal name | Line, Les. |
| 730 ## - ADDED ENTRY--UNIFORM TITLE | |
| Uniform title | Audubon magazine. |
| Withdrawn status | Lost status | Damaged status | Not for loan | Home library | Current library | Shelving location | Date acquired | Total checkouts | Full call number | Barcode | Date last seen | Price effective from | Koha item type |
|---|---|---|---|---|---|---|---|---|---|---|---|---|---|
| Franklin | Franklin | General stacks | 22/03/2026 | 500.9/0222 | BC0010083 | 22/03/2026 | 22/03/2026 | Books |